Komentár k novému Zákonníku práce

Komentár k novému zákonníku práce Šiesta časť - Ochrana práce. Siedma časť - Podniková sociálna politika.

Gespeichert in:
Bibliographische Detailangaben
1. Verfasser: Rybárová, Mária
Weitere Verfasser: Vojnárová, Anna, Mačuha, Miroslav
Format: Buchkapitel
Sprache:Slowakisch
Schlagworte:
Tags: Tag hinzufügen
Keine Tags, Fügen Sie das erste Tag hinzu!

MARC

LEADER 00000naa a2200000 4500
001 r046396
005 20230927070246.2
041 0 |a slo 
044 |a SK 
245 1 0 |a Komentár k novému Zákonníku práce  |c Mária Rybárová, Anna Vojnarová, Miroslav Mačuha 
520 |a Komentár k novému zákonníku práce Šiesta časť - Ochrana práce. Siedma časť - Podniková sociálna politika. 
610 2 0 |a zákonník práce 
610 2 0 |a zákony 
610 2 0 |a komentáre 
610 2 0 |a Slovensko 
610 2 0 |a ochrana práce 
610 2 0 |a bezpečnosť práce 
610 2 0 |a politika sociálna podniková 
610 2 0 |a apríl 
610 2 0 |a 2002 
100 1 |a Rybárová, Mária 
700 1 |a Vojnárová, Anna 
700 1 |a Mačuha, Miroslav